<?xml version="1.0" encoding="UTF-8"?>
<record
    xmlns:xsi="http://www.w3.org/2001/XMLSchema-instance"
    xsi:schemaLocation="http://www.loc.gov/MARC21/slim http://www.loc.gov/standards/marcxml/schema/MARC21slim.xsd"
    xmlns="http://www.loc.gov/MARC21/slim">

  <leader>01841nab a2200301   4500</leader>
  <controlfield tag="003">AR-RoBPED</controlfield>
  <controlfield tag="005">20260424143150.0</controlfield>
  <controlfield tag="008">260424b        |||||||| |||| 00| 0 spa d</controlfield>
  <datafield tag="040" ind1=" " ind2=" ">
    <subfield code="a">AR-RoBPED</subfield>
  </datafield>
  <datafield tag="041" ind1=" " ind2=" ">
    <subfield code="a">spa</subfield>
  </datafield>
  <datafield tag="100" ind1="1" ind2=" ">
    <subfield code="a">Gonz&#xE1;lez Abeij&#xF3;n, Marcela</subfield>
    <subfield code="9">30808</subfield>
    <subfield code="e">Licenciada en Educaci&#xF3;n </subfield>
  </datafield>
  <datafield tag="245" ind1="1" ind2="3">
    <subfield code="a">La actualizaci&#xF3;n del uso del laboratorio en el nivel primario /</subfield>
  </datafield>
  <datafield tag="260" ind1=" " ind2=" ">
    <subfield code="a">Buenos Aires : </subfield>
    <subfield code="b">Noveduc,</subfield>
    <subfield code="c">2024</subfield>
  </datafield>
  <datafield tag="300" ind1=" " ind2=" ">
    <subfield code="a">55-59 p.</subfield>
  </datafield>
  <datafield tag="500" ind1=" " ind2=" ">
    <subfield code="a">Se da cuenta de un proyecto colaborativo llevado adelante entre el Instituto Nacional de Formaci&#xF3;n Docente (INFoD) junto con el Instituto Superior del Profesorado R&#xED;o Grande (ISPRG) y un grupo de escuelas de nivel primario de la provincia de Tierra del Fuego. La iniciativa se organiz&#xF3; alrededor de tres ejes: 1) la actualizaci&#xF3;n del uso del laboratorio en nivel primario; 2) la identificaci&#xF3;n de la dimensi&#xF3;n did&#xE1;ctica de las ciencias experimentales y 3) la articulaci&#xF3;n de este espacio curricular con la educaci&#xF3;n ambiental integral. El texto describe el cronograma de actividades, los objetivos y tambi&#xE9;n las dificultades y desaf&#xED;os que e debieron afrontar durante el desarrollo de la propuesta.  </subfield>
  </datafield>
  <datafield tag="650" ind1=" " ind2="7">
    <subfield code="a">NIVEL PRIMARIO</subfield>
    <subfield code="9">18876</subfield>
  </datafield>
  <datafield tag="650" ind1=" " ind2="7">
    <subfield code="a">ACTIVIDADES DIDACTICAS</subfield>
    <subfield code="9">18754</subfield>
  </datafield>
  <datafield tag="650" ind1=" " ind2="7">
    <subfield code="a">FORMACION DE DOCENTES</subfield>
    <subfield code="9">1259</subfield>
  </datafield>
  <datafield tag="650" ind1=" " ind2="7">
    <subfield code="a">EXPERIMENTOS</subfield>
    <subfield code="9">1658</subfield>
  </datafield>
  <datafield tag="650" ind1=" " ind2="0">
    <subfield code="a">TRABAJO COLABORATIVO</subfield>
    <subfield code="9">27984</subfield>
  </datafield>
  <datafield tag="650" ind1=" " ind2="7">
    <subfield code="a">PROYECTOS EDUCACIONALES</subfield>
    <subfield code="9">10572</subfield>
  </datafield>
  <datafield tag="650" ind1=" " ind2="7">
    <subfield code="a">LABORATORIOS</subfield>
    <subfield code="9">12186</subfield>
  </datafield>
  <datafield tag="700" ind1="1" ind2=" ">
    <subfield code="a">Sandoval, Mar&#xED;a Guadalupe</subfield>
    <subfield code="9">30809</subfield>
    <subfield code="e">Profesora en Ciencias de la Educaci&#xF3;n </subfield>
  </datafield>
  <datafield tag="700" ind1="1" ind2=" ">
    <subfield code="a">P&#xE9;rez de Rosas, Miriam</subfield>
    <subfield code="9">30810</subfield>
    <subfield code="e">Ingenieria qu&#xED;mica industrial</subfield>
  </datafield>
  <datafield tag="773" ind1="0" ind2=" ">
    <subfield code="0">20414</subfield>
    <subfield code="9">41866</subfield>
    <subfield code="d">Buenos Aires :  Noveduc,  1993-</subfield>
    <subfield code="t">Novedades Educativas</subfield>
    <subfield code="w">(AR-RoBPED)20414</subfield>
    <subfield code="x">03283534</subfield>
  </datafield>
  <datafield tag="942" ind1=" " ind2=" ">
    <subfield code="2">udc</subfield>
    <subfield code="c">REV</subfield>
    <subfield code="h">37(05)</subfield>
    <subfield code="m">Nov 86 N&#xB0; 398 (Sept.2024)</subfield>
    <subfield code="a">k.32622</subfield>
  </datafield>
  <datafield tag="945" ind1=" " ind2=" ">
    <subfield code="a">mar 04/2026</subfield>
  </datafield>
  <datafield tag="999" ind1=" " ind2=" ">
    <subfield code="c">32622</subfield>
    <subfield code="d">32622</subfield>
  </datafield>
</record>
